000 00887njm a2200313 c 4500
003 BLK
005 20240531103246.0
008 180410b bul||n||s|||||||| n|bulo|
010 _aCDD00003610000
040 _aBLK
041 _aBUL
_cBUL
080 _aКомедии
_b791.221.2
_z791.221.2
139 _aНай-доброто от Бени Хил [видео DVD]
_bН 17
245 1 0 _aНай-доброто от Бени Хил [видео DVD]
257 _aBGR
260 _bАйпи видео
_c2006
300 _a200 min
_bцв.
_c12 см
380 _a7
590 _aS.N: 91168 от КНИГИ
852 _aЦб CD 4995
_p0
856 4 _qpdf
_u
856 4 _qpdf
_u
942 _cCDD
_n0
_s1
944 _aCR
_c27.08.2009
_k30552
_lВиолета Тройчева
944 _aED
_c27.08.2009
999 _c221122
_d221122
999 _d221122
999 _d221122
999 _d221122